Pays commençant par B - Mort Subite - Statistiques

Statistiques générales
  • Ce quiz a été pris 237 fois
  • Le résultat moyen est 13 sur 18
Answers on the Grid
Answers color-coded by a green-red scale on the quiz's grid according to % correct below.
_ahamas
_ahreïn
_angladesh
_arbade
_elgique
_elize
_énin
_houtan
_iélorussie
_irmanie
_olivie
_osnie-Herzégovine
_otswana
_résil
_runei
_ulgarie
_urkina Faso
_urundi
_ogo
_utriche
_ameroun
_omores
_ominique
_ambie
_wanda
_uatemala
_irghizistan
_oweït
_ibye
_alaisie
_ali
_alte
_uganda
_akistan
_ologne
_atar
 
Statistiques - réponses
Réponse % Correct
_ulgarie
80%
_ahamas
79%
_iélorussie
78%
_angladesh
77%
_irmanie
77%
_elize
76%
_olivie
76%
_elgique
75%
_énin
75%
_résil
74%
_urkina Faso
74%
_ahreïn
72%
_houtan
72%
_osnie-Herzégovine
72%
_otswana
72%
_urundi
71%
_runei
69%
_arbade
67%
Aucun quiz correspondant
Distribution des résultats
% des personnes avec chaque résultat
Percentile par nombre de réponses
Votre historique - résultats
Vous n’avez pas pris ce quiz